000 01187nam a2200241Ia 4500
999 _c39596
_d39596
001 6196
003 GE_BSU
005 20190520144243.0
008 181216s1977||||ge |||||||||||||| ||geo||
040 _cGE_BSU
041 _ageo
080 _a697.1/8(075.8) + 697.9 დ-23
100 _aდარჩია, გ.
_9667
245 _aთბოაირმომარაგება და ვენტილაცია :
_bსახელმძღვ. /
_cგ. დარჩია, გ. რატიანი, გ. ჩიხლაძე ; რედ. ი. გოგუაძე.
250 _aმეორე შევსებ. და გადამუშ. გამოც.
264 _aთბილისი :
_bგანათლება,
_c1977.
300 _a424 გვ. :
_bილ. ;
_c22 სმ.
_eდანართები : გვ.403.
653 _aთბოაირმომარაგება და ვენტილაცია
700 _aრატიანი, გ.
_eავტორი
_91384
700 _aჩიხლაძე, გ.
_eავტორი
_91385
700 _aგოგუაძე, ი.
_eრედაქტორი
_91386
942 _cBK
_2udc